JP on Jammu and Kashmir (Record no. 404533)

000 -LEADER
fixed length control field 00421cam a22001457a 4500
008 - FIXED-LENGTH DATA ELEMENTS--GENERAL INFORMATION
fixed length control field 180718b2005 xxu||||| |||| 00| 0 eng d
020 ## - INTERNATIONAL STANDARD BOOK NUMBER
International Standard Book Number 8121208599
082 ## - DEWEY DECIMAL CLASSIFICATION NUMBER
Classification number A99/N164 P973
100 ## - MAIN ENTRY--PERSONAL NAME
Personal name Puri, Balraj
245 ## - TITLE STATEMENT
Title JP on Jammu and Kashmir
Statement of responsibility, etc. by Balraj Puri
260 ## - PUBLICATION, DISTRIBUTION, ETC.
Place of publication, distribution, etc. New Delhi
Name of publisher, distributor, etc. Gyan
Date of publication, distribution, etc. 2005
300 ## - PHYSICAL DESCRIPTION
Extent 285p.
650 ## - SUBJECT ADDED ENTRY--TOPICAL TERM
Topical term or geographic name entry element Jammu and Kashmir - History
650 ## - SUBJECT ADDED ENTRY--TOPICAL TERM
Topical term or geographic name entry element Narayan, Jayaprakash - Views on Jammu and Kashmir
Holdings
Withdrawn status Lost status Damaged status Not for loan Permanent Location Current Location Date acquired Total Checkouts Full call number Barcode Checked out Date last seen Date last checked out Price effective from Koha item type
        Indian Institute of Public Administration Indian Institute of Public Administration 2005-09-16 1 A99/N164 P973 80535 2021-02-01 2021-02-01 2021-02-01 2018-07-21 Book

Powered by Koha